| 000 | 00619nam a2200229Ia 4500 | ||
|---|---|---|---|
| 003 | OSt | ||
| 005 | 20221007071228.0 | ||
| 006 | a|||||r|||| 00| 0 | ||
| 007 | ta | ||
| 008 | 221006b |||||||| |||| 00| 0 eng d | ||
| 024 | _a24,555 | ||
| 037 | _cTextual | ||
| 040 |
_aFLL _cFLL _beng |
||
| 041 |
_2eng _aeng |
||
| 082 | _aZ3aN5, K0 | ||
| 100 |
_aKiralfy A.K.R. _9688364 |
||
| 245 | 0 | _aGeneral guide to the society's publications | |
| 260 |
_aLondon _bBernard Quaritch England _c1960 |
||
| 300 |
_aiv,1-168p _ccm. |
||
| 942 |
_hZ3aN5, K0 _cTEXL _2CC |
||
| 999 |
_c1142807 _d1142807 |
||